[Event "Nicolo La Rosa op 17th"]
[Site "Mazara del Vallo"]
[Date "2009.08.09"]
[Round "5"]
[White "Bonomo, Renan"]
[Black "Bifulco, Michel"]
[Result "0-1"]
[WhiteElo "1620"]
[BlackElo "2015"]
[PlyCount "98"]
[EventDate "2009.08.07"]
[EventType "swiss"]
[EventRounds "6"]
[EventCountry "ITA"]
[SourceTitle "EXT 2011"]
[Source "ChessBase"]
[SourceDate "2010.11.26"]
[SourceVersion "1"]
[SourceVersionDate "2010.11.26"]
[SourceQuality "1"]

1. e4 e6 2. d4 d5 3. e5 c5 4. c3 Nc6 5. Nf3 Bd7 6. Bd3 cxd4 7. cxd4 Qb6 8. Bc2 Nb4 9. a3 Nxc2+ 10. Qxc2 Rc8 11. Nc3 Ne7 12. 0-0 Nc6 13. Be3 Na5 14. Nd2 Qa6 15. f4 g6 16. b4 Nc4 17. Nxc4 Qxc4 18. Rac1 a5 19. Qb2 axb4 20. Ne4 Qd3 21. Rxc8+ Bxc8 22. Nf6+ Kd8 23. Bf2 Qxa3 24. Qe2 Qa6 25. Qc2 Bd7 26. Rc1 Bc6 27. g4 Qa4 28. Qb1 b3 29. f5 Ba3 30. Rc3 b2 31. Bh4 Kc7 32. Bf2 Qb4 33. Rc2 Kb8 34. Be1 Qxd4+ 35. Bf2 Qb4 36. Bc5 Qb3 37. Bxa3 Qxa3 38. Rxb2 Qe3+ 39. Kf1 Qf3+ 40. Kg1 d4 41. Qa2 Qc3 42. Rb1 Qe3+ 43. Qf2 Qxe5 44. fxe6 fxe6 45. h4 h6 46. Re1 Qd6 47. Qa2 Qg3+ 48. Kf1 Qh3+ 49. Kg1 Qh1+ 0-1